Geometría analítica de tres dimensiones / (Record no. 95888)

MARC details
000 -LEADER
campo de control de longitud fija 00780nam a2200217 i 4500
001 - NÚMERO DE CONTROL
campo de control 95888
003 - IDENTIFICADOR DE NÚMERO DE CONTROL
campo de control ES-MaACL
005 - FECHA Y HORA DE LA ÚLTIMA TRANSACCIÓN
campo de control 20230906181809.0
007 - CAMPO FIJO DE DESCRIPCIÓN FÍSICA--INFORMACIÓN GENERAL
campo de control de longitud fija t|
008 - DATOS DE LONGITUD FIJA--INFORMACIÓN GENERAL
campo de control de longitud fija 050607n1900 sp ||||1| spa d
100 1# - ENTRADA PRINCIPAL--NOMBRE DE PERSONA
Nombre de persona McCrea, William Hunter.
9 (RLIN) 79544
245 10 - MENCIÓN DEL TÍTULO
Título Geometría analítica de tres dimensiones /
Mención de responsabilidad, etc. por William H. Mc Crea; versión castellana de la 2ª edición inglesa al cuidado de D. Tomás Rodríguez Bachiller.
260 ## - PUBLICACIÓN, DISTRIBUCIÓN, ETC.
Lugar de publicación, distribución, etc. Madrid :
Nombre del editor, distribuidor, etc. Dossat,
Fecha de publicación, distribución, etc. [s.a.]
300 ## - DESCRIPCIÓN FÍSICA
Extensión VI, 152 p. :
Otras características físicas il. ;
Dimensiones 22 cm.
490 1# - MENCIÓN DE SERIE
Mención de serie University Mathematical texts
650 #4 - PUNTO DE ACCESO ADICIONAL DE MATERIA--TÉRMINO DE MATERIA
Término de materia o nombre geográfico como elemento de entrada Geometría analítica.
9 (RLIN) 13100
700 1# - ENTRADA AGREGADA--NOMBRE PERSONAL
Nombre de persona Rodríguez Bachiller, Tomás.
9 (RLIN) 98366
830 0# - PUNTO DE ACCESO ADICIONAL DE SERIE-TÍTULO UNIFORME
Título uniforme University Mathematical texts
9 (RLIN) 180736
852 ## - LOCALIZACIÓN
Ubicación ES-MaACL
Número de control de estantería D-8075
Sublocalización o colección R.27083
Holdings
Estatus retirado Estado de pérdida Estado de daño No para préstamo Biblioteca de origen Biblioteca actual Ubicación en estantería Fecha de adquisición Fuente de adquisición Total de préstamos Signatura topográfica completa Código de barras Visto por última vez Precio de reemplazo Tipo de ítem Koha
        Biblioteca del Ateneo de Madrid Biblioteca del Ateneo de Madrid Sala Valle Inclán 17/01/2008     D-8075 901100121 23/02/2023 23/02/2023 Libro impreso